000 00969nam1a22002531i 4500
001 v19\rc\1760254
005 20260406203433.0
035 _a(NLR Aleph) 004861007
090 _a5010909
_c5010909
100 _a20061204d1903 |||y0rusy50 ca
101 0 _arus
102 _aRU
105 _ay i |||||
200 1 _aОтчет и баланс Киево-Донецкого акционерного общества каменноугольных копей ...
210 _aКиев
_d1903
215 _d28
517 0 _aБаланс Киево-Донецкого акционерного общества каменноугольных копей
710 0 2 _aКиево-Донецкое акционерное о-во каменноугольных копей
_9423533
_3RU\NLR\AUTH\889963639
801 0 _aRU
_bNLR
_gpsbo
801 0 _aRU
_bRuMoRGB
_2psbo
801 1 _aRU
_bProSoft-M
_2rusmarc
852 _aNLR
_j20.88.1.20
899 _aRuMoRGB
_jM 30/52
942 _cBOOK